UITU Library & LRC     

Metallurgy for Engineers (Record no. 3843)

MARC details
000 -LEADER
fixed length control field 00440nam a2200181Ia 4500
008 - FIXED-LENGTH DATA ELEMENTS--GENERAL INFORMATION
fixed length control field 240925s9999 xx 000 0 und d
020 ## - INTERNATIONAL STANDARD BOOK NUMBER
International Standard Book Number NA
082 ## - DEWEY DECIMAL CLASSIFICATION NUMBER
Classification number 681.7669 ROL
100 ## - MAIN ENTRY--PERSONAL NAME
Personal name Rollason , E.C
245 #0 - TITLE STATEMENT
Title Metallurgy for Engineers
250 ## - EDITION STATEMENT
Edition statement NA
260 ## - PUBLICATION, DISTRIBUTION, ETC.
Place of publication, distribution, etc. London:
Name of publisher, distributor, etc. Edward Arnold
Date of publication, distribution, etc. ,1993.
300 ## - PHYSICAL DESCRIPTION
Extent ix,128p.
Other physical details NA
Type of unit Original
500 ## - GENERAL NOTE
General note Includes Index
600 ## - SUBJECT ADDED ENTRY--PERSONAL NAME
Personal name Social Sciences
650 ## - SUBJECT ADDED ENTRY--TOPICAL TERM
Topical term or geographic name entry element Management
942 ## - ADDED ENTRY ELEMENTS (KOHA)
Koha item type Books
Holdings
Withdrawn status Lost status Damaged status Not for loan Collection Home library Current library Date acquired Source of acquisition Total checkouts Full call number Barcode Date last seen Price effective from Koha item type
Write Off       Managament Sciences UITU Library UITU Library 09/19/1997 UIT Fruit Canada   681.7669 ROL Q1344 09/25/2024 09/25/2024 Books

Powered by Koha